00277nam a2200121Ia 4500008004100000100001900041245003600060260001700096300000800113650001000121942000700131999001700138190216s9999||||xx |||||||||||||| ||und|| aPremjali Bandu 0aHindi-Bharathiya Prasar Madhyam bSanthosh Pub a136 aHindi cBK c16389d16389